| 000 | 01064nac a22002771u 4500 | ||
|---|---|---|---|
| 010 | _a 95198693 | ||
| 020 | _a0471120677 | ||
| 024 | 3 | 0 |
_a780471120674 _d90000 |
| 035 | _a(OCoLC)32530904 | ||
| 082 | 0 | 0 |
_a005.369 _bF2471 |
| 090 |
_c3320 _d3320 |
||
| 100 | _aFarrell, Barbara. | ||
| 245 | 1 | 0 |
_aGetting started with Lotus 1-2-3, 5.0 for Windows / _cBarbara Farrell. |
| 260 |
_aNew York : _bWiley, _cc1995. |
||
| 300 |
_axii, 176 p. : _bill. ; _c28 cm. |
||
| 440 | 0 | _aGetting started with Windows series | |
| 500 | _aIncludes index. | ||
| 500 | _aDonations. | ||
| 500 | _aDonations - Binliotheca Alexandrina. | ||
| 650 | 0 |
_aBusiness _xComputer programs. |
|
| 650 | 0 | _aElectronic spreadsheets. | |
| 856 | 4 |
_3Table of Contents _uhttp://www.loc.gov/catdir/toc/onix04/95198693.html |
|
| 856 | 4 |
_3Publisher description _uhttp://www.loc.gov/catdir/enhancements/fy0706/95198693-d.html |
|
| 942 |
_cBB _k005.369F2471 |
||
| 999 |
_c3320 _d3320 |
||